[Event "91st YMCA Spring 2011-C"]
[Site "Warszawa"]
[Date "2011.06.09"]
[Round "11"]
[White "Major, Boguslaw"]
[Black "Pastuszko, Kinga"]
[Result "0-1"]
[WhiteElo "1811"]
[BlackElo "1804"]
[PlyCount "68"]
[EventDate "2011.04.06"]
[EventType "tourn"]
[EventRounds "1"]
[EventCountry "POL"]
[SourceDate "2011.04.06"]

1. d4 d5 2. c4 e6 3. Nf3 Nf6 4. Nc3 Be7 5. Bg5 O-O 6. e3 Nbd7 7. Rc1 dxc4 8.
Bxc4 a6 9. O-O b5 10. Bb3 Bb7 11. Bc2 c5 12. dxc5 Nxc5 13. Qe2 Qb6 14. Rfd1
Rfd8 15. Ne5 h6 16. Bh4 Kf8 17. b4 Ncd7 18. Nxd7+ Rxd7 19. Rxd7 Nxd7 20. Bxe7+
Kxe7 21. Rd1 Nf6 22. f3 Rc8 23. Rd3 Bd5 24. Bb3 Bc4 25. Bxc4 bxc4 26. Rd1 Qxb4
27. Qd2 Qb6 28. Na4 Qc7 29. Qb4+ Ke8 30. Nb6 Qc5 31. Qa4+ Rc6 32. Nc8 Nd5 33.
Rd4 Kd7 34. Rxd5+ exd5 0-1

[Event "91st YMCA Spring 2011-C"]
[Site "Warszawa"]
[Date "2011.06.15"]
[Round "11"]
[White "Wyszomirski, Krzysztof"]
[Black "Duda, Ryszard"]
[Result "1-0"]
[WhiteElo "1728"]
[BlackElo "1769"]
[PlyCount "81"]
[EventDate "2011.04.06"]
[EventType "tourn"]
[EventRounds "1"]
[EventCountry "POL"]
[SourceDate "2011.04.06"]

1. e4 c5 2. Nf3 Nc6 3. d4 cxd4 4. Nxd4 e6 5. Be3 Nf6 6. Nd2 d5 7. Nxc6 bxc6 8.
e5 Nd7 9. f4 Bc5 10. Bxc5 Nxc5 11. Nb3 Ne4 12. Qf3 Qb6 13. Bd3 Nc5 14. Nxc5
Qxc5 15. Qf2 Qb4+ 16. c3 Qe7 17. O-O a5 18. Qe2 c5 19. c4 O-O 20. Rae1 Qa7 21.
Kh1 g6 22. f5 exf5 23. cxd5 Ba6 24. Bxa6 Qxa6 25. Qe3 Qa7 26. Qh6 f6 27. e6 Qe7
28. Rf3 Rfd8 29. Rd3 Rd6 30. Qe3 Rc8 31. Red1 Kf8 32. Ra3 Qc7 33. Qc3 Qe7 34.
Rxa5 Qxe6 35. Rxc5 Rxc5 36. Qxc5 Qd7 37. b4 Kg7 38. b5 Qd8 39. a4 Qb6 40. Qxb6
Rxb6 41. d6 1-0

[Event "91st YMCA Spring 2011-C"]
[Site "Warszawa"]
[Date "2011.06.15"]
[Round "11"]
[White "Krzyzanowski, Antoni"]
[Black "Koziol, Pawel"]
[Result "1/2-1/2"]
[WhiteElo "1793"]
[BlackElo "1814"]
[Annotator "M"]
[PlyCount "84"]
[EventDate "2011.04.06"]
[EventType "tourn"]
[EventRounds "1"]
[EventCountry "POL"]
[SourceDate "2011.04.06"]

1. e4 Nc6 2. d4 d5 3. e5 Bf5 4. h4 f6 5. g4 Be4 6. f3 Bg6 7. h5 Bf7 8. f4 e6 9.
c3 g5 10. hxg6 Bxg6 11. Bd3 Bxd3 12. Qxd3 Qd7 13. b4 fxe5 14. fxe5 O-O-O 15. a4
Qg7 16. g5 Nge7 17. a5 Nf5 18. b5 Nxe5 19. dxe5 Qxe5+ 20. Ne2 Bc5 21. Bf4 Qg7
22. Nd2 Nd6 23. Nf3 Ne4 24. Be5 Qg6 25. Bxh8 Bf2+ 26. Kd1 Rxh8 27. Kc2 Rf8 28.
Raf1 Qg7 29. Ned4 Qe7 30. b6 a6 31. bxc7 Qa3 32. Ra1 Qe7 33. c4 Bxd4 34. Nxd4
Rf2+ 35. Ne2 Qxc7 36. Ra4 Nc5 37. Rxh7 Rxe2+ 38. Qxe2 Qxh7+ 39. Kc1 Nxa4 40.
Qxe6+ Kb8 41. Qe8+ Ka7 42. Qxa4 Qf5 $11 1/2-1/2

[Event "91st YMCA Spring 2011-C"]
[Site "Warszawa"]
[Date "2011.05.24"]
[Round "12"]
[White "Kwiek, Janusz"]
[Black "Koziol, Pawel"]
[Result "1/2-1/2"]
[WhiteElo "1755"]
[BlackElo "1814"]
[Annotator "M"]
[PlyCount "120"]
[EventDate "2011.04.06"]
[EventType "tourn"]
[EventRounds "1"]
[EventCountry "POL"]
[SourceDate "2011.04.06"]

1. Nf3 g6 2. d4 Bg7 3. c4 f5 4. Nc3 Nf6 5. g3 O-O 6. Bg2 d6 7. O-O c6 8. Bg5
Nbd7 9. Qc2 e5 10. dxe5 dxe5 11. e4 h6 12. Bxf6 Qxf6 13. Rad1 Nc5 14. b4 Ne6
15. Rd6 Rf7 16. c5 Bf8 17. Rd2 f4 18. Ne2 g5 19. gxf4 Nxf4 20. Nxf4 gxf4 21.
Qc3 Bg7 22. Rd6 Be6 23. Rfd1 Re8 24. a3 Bf8 25. R6d2 Bg4 26. Kh1 Rg7 27. Rg1 h5
28. h3 Bc8 29. Bf1 Rxg1+ 30. Nxg1 Kh8 31. Qf3 Qh6 32. Bc4 Be7 33. Bf7 Bg4 34.
Qc3 Rf8 35. Bb3 f3 36. Qxe5+ Bf6 37. Qd6 Rd8 38. Qxd8+ Bxd8 39. Rxd8+ Kg7 40.
Rg8+ Kf6 41. Rd8 Ke7 42. Rd6 Qh8 43. Bd1 b6 44. Rxc6 Qd4 45. hxg4 hxg4 46. Nxf3
Qxe4 47. Rc7+ Kd8 48. cxb6 axb6 49. Rf7 Qd5 50. Rf4 Qxd1+ 51. Ng1 Qd5+ 52. f3
g3 53. Kg2 Qa2+ 54. Kxg3 Qxa3 55. Nh3 Qc3 56. Re4 Qg7+ 57. Rg4 Qe5+ 58. Rf4 $11
Ke7 59. Nf2 Qg5+ 60. Ng4 Kd6 1/2-1/2

[Event "91st YMCA Spring 2011-C"]
[Site "Warszawa"]
[Date "2011.06.22"]
[Round "12"]
[White "Duda, Ryszard"]
[Black "Krzyzanowski, Antoni"]
[Result "1/2-1/2"]
[WhiteElo "1769"]
[BlackElo "1793"]
[PlyCount "142"]
[EventDate "2011.04.06"]
[EventType "tourn"]
[EventRounds "1"]
[EventCountry "POL"]
[SourceDate "2011.04.06"]

1. e4 c5 2. Nf3 d6 3. d4 cxd4 4. Nxd4 Nf6 5. Nc3 a6 6. f3 e5 7. Nb3 Be6 8. Nd5
Bxd5 9. exd5 Nbd7 10. a4 Rc8 11. c4 Be7 12. Be3 O-O 13. Bd3 Nh5 14. O-O f5 15.
f4 g6 16. Nd2 Ndf6 17. Be2 exf4 18. Bxf4 Nxf4 19. Rxf4 Re8 20. b3 Bf8 21. Rf1
Bh6 22. Kh1 Qb6 23. Bf3 Re3 24. Qc2 Rce8 25. Rad1 Qb4 26. Rc1 Nd7 27. g4 fxg4
28. Bxg4 Nc5 29. Rb1 R8e5 30. Nf3 Re2 31. Qd1 R5e4 32. h3 Bf4 33. Re1 Rxe1+ 34.
Nxe1 Nxb3 35. Nd3 Qd2 36. Nxf4 Qxd1+ 37. Bxd1 Nd2 38. Rxb7 Rxf4 39. Bg4 Rxc4
40. Be6+ Kh8 41. Rb6 Rxa4 42. Rxd6 Ne4 43. Rc6 Kg7 44. d6 Kf6 45. d7 Ke7 46.
Rc8 Rd4 47. Re8+ Kf6 48. Bg4 h5 49. d8=Q+ Rxd8 50. Rxd8 hxg4 51. hxg4 Nf2+ 52.
Kg2 Nxg4 53. Rd6+ Kg5 54. Rxa6 Nf6 55. Kf3 Nh5 56. Ra4 Kh6 57. Ra6 Kg5 58. Rc6
Nf6 59. Rc5+ Kh6 60. Rc6 Nh5 61. Kg4 Ng7 62. Rc8 Nf5 63. Re8 Nd6 64. Rh8+ Kg7
65. Rd8 Nf7 66. Rd7 Kf6 67. Rd5 Nh6+ 68. Kf4 Nf5 69. Ra5 Ng7 70. Ra6+ Ne6+ 71.
Kg4 Kf7 1/2-1/2

[Event "91st YMCA Spring 2011-C"]
[Site "Warszawa"]
[Date "2011.06.22"]
[Round "12"]
[White "Pastuszko, Kinga"]
[Black "Wyszomirski, Krzysztof"]
[Result "1/2-1/2"]
[WhiteElo "1804"]
[BlackElo "1728"]
[Annotator "M"]
[PlyCount "67"]
[EventDate "2011.04.06"]
[EventType "tourn"]
[EventRounds "1"]
[EventCountry "POL"]
[SourceDate "2011.04.06"]

1. e4 e5 2. Nf3 Nc6 3. d4 exd4 4. Bc4 d6 5. Nxd4 Nxd4 6. Qxd4 Qf6 7. Be3 Be6 8.
Nd2 Be7 9. O-O-O Qxd4 10. Bxd4 Bf6 11. c3 O-O-O 12. Rhe1 Bxd4 13. cxd4 Bxc4 14.
Nxc4 Ne7 15. Ne3 Rhe8 16. f3 f6 17. d5 Ng6 18. Nf5 Rd7 19. Nd4 Rde7 $11 20. g3
a6 21. Kd2 Nf8 22. Rc1 g6 23. b4 Kb8 24. b5 axb5 25. g4 Nd7 26. Rb1 Nc5 27.
Rxb5 Kc8 28. Reb1 Kd7 29. Nb3 Nxb3+ 30. R5xb3 b6 31. Rc1 Ra8 32. a3 Ra7 33.
Rbc3 Re8 34. h3 1/2-1/2

[Event "91st YMCA Spring 2011-C"]
[Site "Warszawa"]
[Date "2011.06.16"]
[Round "12"]
[White "Wrabel, Antoni"]
[Black "Major, Boguslaw"]
[Result "1/2-1/2"]
[WhiteElo "1751"]
[BlackElo "1811"]
[Annotator "M"]
[PlyCount "98"]
[EventDate "2011.04.06"]
[EventType "tourn"]
[EventRounds "1"]
[EventCountry "POL"]
[SourceDate "2011.04.06"]

1. e4 d6 2. d4 Nf6 3. Nc3 g6 4. Be2 Bg7 5. Nf3 O-O 6. O-O c6 7. h3 b5 8. a3 Bb7
9. e5 Nfd7 10. Bf4 d5 11. Qd2 Nb6 12. Rae1 Na6 13. Bh6 Bc8 14. Nh2 b4 15. axb4
Nxb4 16. Bxg7 Kxg7 17. Nd1 a5 18. c3 Na6 19. Ne3 c5 20. Neg4 cxd4 21. cxd4 Nc7
22. Rc1 Ne6 23. Qh6+ Kh8 24. Nf3 Rg8 25. Rc6 Rg7 26. Rfc1 Bd7 27. R6c2 Ba4 28.
Rc3 Bd7 29. Qd2 Na4 30. Ra3 Qb6 31. b3 Qb4 32. Qxb4 axb4 33. Ra2 Nb6 34. Rxa8+
Nxa8 35. Ne3 Nec7 36. Nc2 Rg8 37. Ra1 Rb8 38. Nfe1 Bb5 39. Kf1 Kg7 40. Ra7 e6
41. Bxb5 Nxb5 42. Ra4 Nac7 43. Nd3 Nc3 44. Rxb4 Ra8 45. Rb7 N7b5 46. f3 Ra2 47.
Nde1 Rb2 48. b4 $11 h5 49. h4 Kf8 $11 1/2-1/2

[Event "91st YMCA Spring 2011-C"]
[Site "Warszawa"]
[Date "2011.06.22"]
[Round "12"]
[White "Wilczynski, Adam"]
[Black "Palka, Dominika"]
[Result "1/2-1/2"]
[WhiteElo "1768"]
[BlackElo "1766"]
[PlyCount "153"]
[EventDate "2011.04.06"]
[EventType "tourn"]
[EventRounds "1"]
[EventCountry "POL"]
[SourceDate "2011.04.06"]

1. c4 Nf6 2. g3 g6 3. Bg2 Bg7 4. Nc3 d6 5. d3 O-O 6. Bg5 h6 7. Bd2 Nc6 8. Rb1
e5 9. b4 Ne7 10. e4 c6 11. Nge2 Be6 12. O-O d5 13. exd5 cxd5 14. c5 d4 15. Nb5
Bxa2 16. Ra1 Bd5 17. Bxd5 Nfxd5 18. Rxa7 Rxa7 19. Nxa7 Qd7 20. b5 b6 21. cxb6
Nxb6 22. Nc6 Nxc6 23. bxc6 Qxc6 24. Qb3 Nd7 25. f4 Rb8 26. Qd1 e4 27. dxe4 Qxe4
28. Nc1 Rb2 29. Re1 Qc2 30. Qxc2 Rxc2 31. Bb4 Nc5 32. Bxc5 Rxc5 33. Nd3 Rc3 34.
Rd1 Kf8 35. Kg2 Rc2+ 36. Nf2 Ke7 37. Kf3 f5 38. h3 Kd6 39. Nd3 Rc3 40. Ke2 Kd5
41. Rd2 Kc4 42. Nb2+ Kb3 43. Nd3 Kc4 44. Nb2+ Kd5 45. Nd3 Bf6 46. Rb2 Bd8 47.
Rb5+ Kc6 48. Rb2 Bc7 49. Nb4+ Kd6 50. Nd3 Kd7 51. Ra2 Rc6 52. Kf3 g5 53. Ra4
Rd6 54. Rc4 Bb6 55. Ne5+ Ke6 56. Nd3 Kd5 57. Rc2 Ke6 58. Re2+ Kf6 59. Rc2 Re6
60. Re2 Re3+ 61. Rxe3 dxe3 62. Nc1 gxf4 63. Kxf4 Bc7+ 64. Kf3 Kg5 65. Ne2 Bb6
66. Nf4 Ba7 67. Ng2 h5 68. h4+ Kg6 69. Nxe3 Bb8 70. Nd5 Bd6 71. Nf4+ Kh6 72.
Ne6 Kg6 73. Nf4+ Kh6 74. Nh3 Kg6 75. Ng5 Be7 76. Ne6 Bd6 77. Nf4+ 1/2-1/2

[Event "91st YMCA Spring 2011-C"]
[Site "Warszawa"]
[Date "2011.06.22"]
[Round "12"]
[White "Wroblewski, Szymon"]
[Black "Jarmolowski, Tadeusz"]
[Result "1-0"]
[WhiteElo "1831"]
[BlackElo "1723"]
[PlyCount "59"]
[EventDate "2011.04.06"]
[EventType "tourn"]
[EventRounds "1"]
[EventCountry "POL"]
[SourceDate "2011.04.06"]

1. e4 d5 2. exd5 Qxd5 3. Nc3 Qd6 4. d4 Nf6 5. Nf3 a6 6. h3 Bf5 7. Bd3 Bxd3 8.
Qxd3 Nc6 9. Ne4 Nxe4 10. Qxe4 O-O-O 11. c3 e6 12. O-O Be7 13. b4 Qd5 14. Qe2
Qb5 15. Qe4 Qd5 16. Qc2 Qc4 17. Qb2 Bf6 18. Bf4 h6 19. a4 g5 20. Bh2 h5 21. b5
Na5 22. Be5 Rh6 23. Bxf6 Rxf6 24. Ne5 Qb3 25. bxa6 bxa6 26. Qe2 Qb6 27. Rab1
Qd6 28. Rb2 Rf5 29. Rfb1 c5 30. Rb6 1-0

[Event "91st YMCA Spring 2011-C"]
[Site "Warszawa"]
[Date "2011.06.08"]
[Round "12"]
[White "Kowalik, Pawel"]
[Black "Szukalski, Antoni"]
[Result "0-1"]
[WhiteElo "1735"]
[BlackElo "1815"]
[PlyCount "84"]
[EventDate "2011.04.06"]
[EventType "tourn"]
[EventRounds "1"]
[EventCountry "POL"]
[SourceDate "2011.04.06"]

1. c4 Nf6 2. Nc3 e6 3. d4 d5 4. Bg5 Be7 5. e3 Nbd7 6. Nf3 O-O 7. cxd5 exd5 8.
Bd3 Re8 9. O-O Nf8 10. Qc2 c6 11. Rab1 Ng6 12. b4 a6 13. a4 b5 14. a5 Be6 15.
Ne2 Rc8 16. Bxg6 hxg6 17. Ng3 Bd6 18. Ne5 Qc7 19. f4 Nd7 20. Bh4 Nxe5 21. fxe5
Be7 22. Bxe7 Qxe7 23. Rfc1 Bd7 24. Qc5 Qxc5 25. Rxc5 f6 26. exf6 Rxe3 27. fxg7
Kxg7 28. Kf2 Rce8 29. Rcc1 Rd3 30. Rd1 Ree3 31. Rxd3 Rxd3 32. Ne2 Bg4 33. Rc1
Rd2 34. Re1 Rb2 35. h3 Bd7 36. Ra1 Rxb4 37. Ra3 Rb2 38. Re3 Kf7 39. Ra3 b4 40.
Ra1 b3 41. Ke3 Bf5 42. g4 Rxe2+ 0-1

[Event "91st YMCA Spring 2011-C"]
[Site "Warszawa"]
[Date "2011.04.22"]
[Round "13"]
[White "Szukalski, Antoni"]
[Black "Kwiek, Janusz"]
[Result "1/2-1/2"]
[WhiteElo "1815"]
[BlackElo "1755"]
[PlyCount "110"]
[EventDate "2011.04.06"]
[EventType "tourn"]
[EventRounds "1"]
[EventCountry "POL"]
[SourceDate "2011.04.06"]

1. e4 c5 2. c3 Nf6 3. e5 Nd5 4. d4 cxd4 5. cxd4 Nc6 6. Nf3 d6 7. exd6 Qxd6 8.
a3 Bf5 9. Nc3 Nxc3 10. bxc3 e5 11. Bb5 exd4 12. Nxd4 Bd7 13. O-O Nxd4 14. Bxd7+
Qxd7 15. Qxd4 Qxd4 16. cxd4 O-O-O 17. Be3 Bd6 18. Rfc1+ Kb8 19. Kf1 Rc8 20. a4
Rxc1+ 21. Rxc1 Rc8 22. Ke2 Rxc1 23. Bxc1 Kc7 24. g3 Kc6 25. Kd3 Kd5 26. f3 h5
27. Bd2 h4 28. gxh4 Bxh2 29. h5 Bg1 30. Bc3 b6 31. Bb2 a6 32. Bc3 b5 33. axb5
axb5 34. Bb2 Bf2 35. Bc3 Bh4 36. Bb4 Bf6 37. Bc5 Be5 38. Kc3 Bd6 39. Bb6 Ke6
40. Ba7 Kf5 41. Bc5 Bb8 42. Kb4 Kg5 43. Bf8 Kxh5 44. Bxg7 Kg6 45. Bf8 Kf5 46.
Kxb5 Kf4 47. Kc6 Kxf3 48. d5 Ke4 49. Bd6 Bxd6 50. Kxd6 f5 51. Kc6 f4 52. d6 f3
53. d7 f2 54. d8=Q f1=Q 55. Qd5+ Ke3 1/2-1/2

[Event "91st YMCA Spring 2011-C"]
[Site "Warszawa"]
[Date "2011.06.15"]
[Round "13"]
[White "Jarmolowski, Tadeusz"]
[Black "Kowalik, Pawel"]
[Result "1-0"]
[WhiteElo "1723"]
[BlackElo "1735"]
[PlyCount "69"]
[EventDate "2011.04.06"]
[EventType "tourn"]
[EventRounds "1"]
[EventCountry "POL"]
[SourceDate "2011.04.06"]

1. e4 e5 2. f4 exf4 3. Nf3 g5 4. h4 g4 5. Ne5 h5 6. Bc4 Nh6 7. d4 d6 8. Nd3 f3
9. gxf3 Be7 10. O-O Nc6 11. c3 Na5 12. Bb3 Bxh4 13. Bf4 Bg5 14. Nd2 Bxf4 15.
Nxf4 Qg5 16. Ng2 Nxb3 17. axb3 Bd7 18. f4 Qe7 19. f5 Qg5 20. Qe1 O-O 21. Qe3
Qxe3+ 22. Nxe3 c6 23. Ndc4 d5 24. exd5 cxd5 25. Nxd5 Kg7 26. f6+ Kh7 27. Ne7
Bb5 28. Rf4 Bxc4 29. bxc4 Ng8 30. Nd5 a6 31. Kf2 Kg6 32. Ra5 Rad8 33. Ne7+ Kh6
34. Rff5 h4 35. Rh5# 1-0

[Event "91st YMCA Spring 2011-C"]
[Site "Warszawa"]
[Date "2011.06.21"]
[Round "13"]
[White "Palka, Dominika"]
[Black "Wroblewski, Szymon"]
[Result "0-1"]
[WhiteElo "1766"]
[BlackElo "1831"]
[PlyCount "46"]
[EventDate "2011.04.06"]
[EventType "tourn"]
[EventRounds "1"]
[EventCountry "POL"]
[SourceDate "2011.04.06"]

1. d4 f5 2. Nf3 Nf6 3. c4 g6 4. Nc3 Bg7 5. e3 O-O 6. Be2 d6 7. Qb3 Nc6 8. d5
Ne5 9. Nxe5 dxe5 10. e4 f4 11. Bd2 a6 12. Bf3 Rb8 13. Na4 b5 14. Nc5 Qd6 15.
Bb4 a5 16. Nd3 axb4 17. c5 Qa6 18. a4 e6 19. Nxb4 Qa5 20. O-O bxa4 21. Rxa4
Qxc5 22. dxe6 Kh8 23. Rd1 Re8 0-1

[Event "91st YMCA Spring 2011-C"]
[Site "Warszawa"]
[Date "2011.05.04"]
[Round "13"]
[White "Major, Boguslaw"]
[Black "Wilczynski, Adam"]
[Result "1-0"]
[WhiteElo "1811"]
[BlackElo "1768"]
[PlyCount "35"]
[EventDate "2011.04.06"]
[EventType "tourn"]
[EventRounds "1"]
[EventCountry "POL"]
[SourceDate "2011.04.06"]

1. Nf3 d5 2. d4 Nf6 3. c4 c6 4. e3 e6 5. Nc3 Bd6 6. c5 Bc7 7. b4 Nbd7 8. b5 O-O
9. bxc6 bxc6 10. Qa4 Ba5 11. Bd2 Qc7 12. Be2 Re8 13. O-O e5 14. Nxd5 cxd5 15.
Bxa5 Nb6 16. Bxb6 Bd7 17. Bxc7 Bxa4 18. Nxe5 1-0

[Event "91st YMCA Spring 2011-C"]
[Site "Warszawa"]
[Date "2011.04.26"]
[Round "13"]
[White "Wyszomirski, Krzysztof"]
[Black "Wrabel, Antoni"]
[Result "1/2-1/2"]
[WhiteElo "1728"]
[BlackElo "1751"]
[Annotator "M"]
[PlyCount "75"]
[EventDate "2011.04.06"]
[EventType "tourn"]
[EventRounds "1"]
[EventCountry "POL"]
[SourceDate "2011.04.06"]

1. e4 e5 2. Nf3 Nc6 3. Bb5 a6 4. Ba4 Nf6 5. O-O b5 6. Bb3 Bc5 7. c3 Bb7 8. d4
Bb6 9. dxe5 Ng4 10. Bxf7+ Kxf7 11. Ng5+ Ke8 12. Qxg4 Nxe5 13. Qg3 d6 14. Kh1
Qe7 15. f4 Nf7 16. Nf3 Kd7 17. Nbd2 Rag8 18. Re1 g5 19. e5 gxf4 20. exd6 Qxd6
21. Qh3+ Kd8 22. Ne4 Bxe4 23. Qh4+ Kc8 24. Rxe4 Qg6 25. Re2 Qd3 26. Re1 Be3 27.
Bxe3 fxe3 28. Rad1 Qc2 29. Qh3+ Kb7 30. Nd4 Qxb2 31. Re2 Qxc3 32. Qf3+ Kb6 33.
Qxf7 Rf8 34. Qe6+ c6 35. Rc2 Qxd4 36. Qxc6+ Ka7 37. Rcc1 e2 38. Qc7+ $11
1/2-1/2

[Event "91st YMCA Spring 2011-C"]
[Site "Warszawa"]
[Date "2011.04.06"]
[Round "13"]
[White "Krzyzanowski, Antoni"]
[Black "Pastuszko, Kinga"]
[Result "0-1"]
[WhiteElo "1793"]
[BlackElo "1804"]
[PlyCount "164"]
[EventDate "2011.04.06"]
[EventType "tourn"]
[EventRounds "1"]
[EventCountry "POL"]
[SourceDate "2011.04.06"]

1. e4 e5 2. Nf3 Nc6 3. Bb5 a6 4. Bxc6 dxc6 5. O-O f6 6. d4 exd4 7. Nxd4 c5 8.
Nb3 Qxd1 9. Rxd1 Bg4 10. f3 Bd7 11. Be3 b6 12. a4 O-O-O 13. c4 Bd6 14. Nc3 Ne7
15. a5 Be6 16. axb6 cxb6 17. Nd5 Kb7 18. Ra3 Rhe8 19. Rda1 Ra8 20. g4 Nc6 21.
Rd1 Rad8 22. h3 Nb4 23. Rd2 Bxd5 24. cxd5 c4 25. Nd4 Nxd5 26. exd5 Bxa3 27. Ne6
Rd7 28. bxa3 c3 29. Rc2 Rxd5 30. Nf4 Rd1+ 31. Kf2 g5 32. Nh5 Rd3 33. Bc1 Re6
34. Ng7 Rc6 35. Ke2 Rd8 36. Nf5 b5 37. Be3 Rc4 38. Bf2 a5 39. Ne3 Rc6 40. Be1
b4 41. axb4 axb4 42. Rc1 Kb6 43. Nd1 Re6+ 44. Kf2 Rde8 45. Nxc3 bxc3 46. Bxc3
Kb5 47. Bd4 Rd8 48. Ba7 Rd2+ 49. Kg3 Ree2 50. Rg1 Re7 51. Bf2 Kc4 52. Bb6 Rb2
53. Bf2 Ree2 54. Ba7 h5 55. gxh5 f5 56. h4 f4+ 57. Kg4 Rg2+ 58. Rxg2 Rxg2+ 59.
Kh3 Rg3+ 60. Kh2 gxh4 61. h6 Rg8 62. Kh3 Kd5 63. Kxh4 Ke5 64. Kh5 Kf5 65. Bf2
Rg5+ 66. Kh4 Rg2 67. Kh3 Rg6 68. Bc5 Rxh6+ 69. Kg2 Ra6 70. Bf2 Ra2 71. Kf1 Ke5
72. Kg2 Kd5 73. Kf1 Kc4 74. Bh4 Kd3 75. Bf2 Rxf2+ 76. Kxf2 Kd2 77. Kf1 Ke3 78.
Kg2 Ke2 79. Kg1 Kxf3 80. Kf1 Ke3 81. Ke1 f3 82. Kf1 f2 0-1

[Event "91st YMCA Spring 2011-C"]
[Site "Warszawa"]
[Date "2011.04.13"]
[Round "13"]
[White "Koziol, Pawel"]
[Black "Duda, Ryszard"]
[Result "1/2-1/2"]
[WhiteElo "1814"]
[BlackElo "1769"]
[Annotator "M"]
[PlyCount "61"]
[EventDate "2011.04.06"]
[EventType "tourn"]
[EventRounds "1"]
[EventCountry "POL"]
[SourceDate "2011.04.06"]

1. e4 c5 2. Nf3 d6 3. g3 Nf6 4. d3 g6 5. Bg2 Bg7 6. O-O O-O 7. Nbd2 Nc6 8. c3
Qc7 9. Re1 a6 10. a4 Nd7 11. Nh4 Nde5 12. Qe2 e6 13. f4 Nd7 14. f5 exf5 15.
exf5 Nf6 16. Ne4 Bd7 17. Bf4 Nxe4 18. dxe4 Ne5 19. g4 c4 20. Bxe5 dxe5 21. g5
Rfd8 22. Rf1 b5 23. axb5 axb5 24. Rad1 Bc6 25. Qg4 Rd7 26. fxg6 hxg6 27. Nxg6
Rxd1 28. Rxd1 fxg6 29. Qe6+ Kh7 30. Qh3+ Kg8 31. Qe6+ $11 1/2-1/2